000 00187nam a2200073Ia 4500
008 170523s9999 xx 000 0 und d
100 _aPrasad- R.N.
245 0 _aFundamentals of Business Analytics
260 _aWiley India
999 _c12012
_d12012